| 000 | 01371cam a22004094i 4500 | ||
|---|---|---|---|
| 003 | PE-LiUPU | ||
| 005 | 20250731173222.0 | ||
| 008 | 150625s r 000 0 d | ||
| 035 | _a(Sirsi) a33833 | ||
| 040 |
_aPE-LiUPU _bspa _cPE-LiUPU _erda |
||
| 082 | 0 | 4 |
_a221.07 _bOTL _221 |
| 100 | 1 |
_aLuther Mays, James, _eautor. |
|
| 245 | 1 | 0 |
_aHosea : _bA commentary / _cJames Luther Mays. |
| 264 | 1 |
_aPhiladelphia : _bThe westminster press, _c1969. |
|
| 300 |
_a190 páginas ; _c23 centímetros. |
||
| 336 |
_atext _2rdacontent |
||
| 337 |
_aunmediated _2rdamedia |
||
| 338 |
_avolume _2rdacarrier |
||
| 490 | 0 | _a(The Old Testament Library) | |
| 505 | 0 | _aThe title. -Divine Word and human life. -The day of Jezreel. -Yahweh and his wife. -The day of restoration. -The way of love. | |
| 526 | _aSEG42 | ||
| 526 | _aSEG41 | ||
| 526 | _aSEG40 | ||
| 526 | _aSEG39 | ||
| 526 | _aP94 | ||
| 526 | _aP87 | ||
| 526 | _aP86 | ||
| 526 | _aP85 | ||
| 526 | _aP77 | ||
| 526 | _aP76 | ||
| 526 | _aP35 | ||
| 630 |
_aBiblia. _pOseas _xCrítica e interpretación |
||
| 942 |
_2ddc _cBK |
||
| 949 |
_a221.07 OTL 28 _wDEWEY _c1 _i37809 _lCCODEBUL1 _mBUL _p00.00 _r0 _sY _tBOOK _u2015-06-25 _xTEOLOGIA _zUNKNOWN _0COMPRA _o.STAFF. Colección General |
||
| 999 |
_c41624 _d41624 |
||
| 980 |
_81 _gALBERTO SANCHEZ Responsable de Automatización |
||